Datum a čas kvízu
32
Celkem bodů
Celkový počet nahraných bodů na tomto kvízu bez doplňovacích otázek.
2.
Pořadí na kvízu
Konečné umístění týmu na tomto kvízu.
Zaznamenané odpovědi
| # | Otázka | Odpověď | Body | Výsledky |
|---|---|---|---|---|
| 1. | Mezi tradičními novoročními zp... | Břeclav | 0 | |
| 2. | Slovenská prezidentka Zuzana Č... | Milada Horáková | 1 | |
| 3. | Oblíbená hollywoodská hvězda o... | Cameron Diaz | 1 | |
| 4. | Novým majitelem hnědouhelné el... | Pavel Tykač | 0 | |
| 5. | Minulý týden se ve Švýcarsku k... | Spenglerův pohár, Davos | 0 | |
| 6. | 1. ledna došlo ke zvýšení rodi... | 300 000 Kč | 1 | |
| 7. | V jednom z francouzských zámoř... | Nová Kaledonie | 0 | |
| 8. | 25. ledna začíná čínský rok __... | kovové | 0 | |
| 9. | Nejbezpečnějšími aerolinkami p... | Qantas | 0 | |
| 10. | V červenci a srpnu se v Japons... | D | 1 |